000 00974cam a2200217 4500
008 000000n2002 000 0 eng u
020 _a0727720511
035 _a(Sirsi) u106526
041 _aeng.
050 _a694.0288
100 _aRoss, P.
245 _aAppraisal and repair of timber structures
260 _aLondon
_bThomas Telford
_c2002
300 _av,244p.
_c26cm.
350 _a65.00
520 _aAddresses the varied potential problems that can occur in all types of timber construction, from fungal and insect attack, through degradation of joints, frame instability, and structural inadequacy to accidental damage. Also describes the techniques of visual inspection, investigative techniques and structural appraisal. Remedial and repair methods are described in detail, and all points raised are illustrated by case studies.
650 _aTIMBER STRUCTURES
650 _aREPAIRS
690 _aBUILT ENVIRONMENT-CONSTRUCTION DESIGN
942 _n0
999 _c100571
_d100571